| 000 | 00429nam a2200169Ia 4500 | ||
|---|---|---|---|
| 005 | 20241028060145.0 | ||
| 008 | 240331s9999 xx 000 0 und d | ||
| 020 | _a0380713802 | ||
| 082 |
_bBRY _a823 |
||
| 100 | _aBryson, B | ||
| 245 | 0 | _aNeither Here Nor There Travels in Europe | |
| 260 |
_aNew York _bHarperCollins Publishers Inc _c1992 |
||
| 300 | _a254 p ., | ||
| 650 | _aShort Stories | ||
| 650 | _aEnglish | ||
| 942 | _cL | ||
| 999 |
_c5725 _d5725 |
||